Parallel database techniques / (رقم التسجيلة. 180298)

تفاصيل مارك
000 -LEADER
fixed length control field 01148pamaa22003131i 4500
003 - CONTROL NUMBER IDENTIFIER
control field EG-GICUC
005 - DATE AND TIME OF LATEST TRANSACTION
control field 20260524152306.0
008 - FIXED-LENGTH DATA ELEMENTS--GENERAL INFORMATION
fixed length control field 971218s1998 caua jrb 000 0 eng
020 ## - INTERNATIONAL STANDARD BOOK NUMBER
International Standard Book Number 0818683988
020 ## - INTERNATIONAL STANDARD BOOK NUMBER
International Standard Book Number 9780818683985
040 ## - CATALOGING SOURCE
Original cataloging agency EG-GICUC
Transcribing agency EG-GICUC
Modifying agency EG-GICUC
082 00 - DEWEY DECIMAL CLASSIFICATION NUMBER
Classification number 005.7404
Edition number 21
Item number Ab31
092 04 - LOCALLY ASSIGNED DEWEY CALL NUMBER (OCLC)
Edition number 21
Classification number 005.7404
Item number Ab31
099 ## - LOCAL FREE-TEXT CALL NUMBER (OCLC)
Classification number 005.7404 Ab31
100 1# - MAIN ENTRY--PERSONAL NAME
Relator term Author.
245 10 - TITLE STATEMENT
Title Parallel database techniques /
Statement of responsibility, etc. [edited by] Mahdi Abdelguerfi, Kam-Fai Wong.
264 ## - PRODUCTION, PUBLICATION, DISTRIBUTION, MANUFACTURE, AND COPYRIGHT NOTICE
Place of production, publication, distribution, manufacture Los Alamitos, Calif. :
Name of producer, publisher, distributor, manufacturer IEEE Computer Society,
Date of production, publication, distribution, manufacture, or copyright notice c1998.
300 ## - PHYSICAL DESCRIPTION
Extent 222 pages. :
Other physical details illustration. ;
Dimensions 26 cm.
504 ## - BIBLIOGRAPHY, ETC. NOTE
Bibliography, etc. note Includes bibliographical references.
541 ## - IMMEDIATE SOURCE OF ACQUISITION NOTE
Source of acquisition وزارة الثقافة ؛
Address القاهرة ؛
Method of acquisition إهداء ؛
Date of acquisition 2023.
650 #0 - SUBJECT ADDED ENTRY--TOPICAL TERM
Topical term or geographic name entry element Parallel processing (Electronic computers)
650 #0 - SUBJECT ADDED ENTRY--TOPICAL TERM
Topical term or geographic name entry element Database management.
700 1# - ADDED ENTRY--PERSONAL NAME
Personal name Abdelguerfi, Mahdi.
700 1# - ADDED ENTRY--PERSONAL NAME
Personal name Wong, Kam-Fai.
856 42 - ELECTRONIC LOCATION AND ACCESS
Materials specified Publisher description
Uniform Resource Identifier <a href="http://www.loc.gov/catdir/description/wiley039/97051310.html">http://www.loc.gov/catdir/description/wiley039/97051310.html</a>
856 41 - ELECTRONIC LOCATION AND ACCESS
Materials specified Table of contents
Uniform Resource Identifier <a href="http://www.loc.gov/catdir/toc/wiley031/97051310.html">http://www.loc.gov/catdir/toc/wiley031/97051310.html</a>
905 ## - Cataloger and Reviser Names
Cataloger Name Hany
942 ## - ADDED ENTRY ELEMENTS (KOHA)
Source of classification or shelving scheme Dewey Decimal Classification
Koha item type Books
Edition 21
Suppress in OPAC No
المقتنيات
Withdrawn status Lost status Source of classification or shelving scheme Damaged status Not for loan Home library Current library Date acquired Total checkouts Full call number Barcode Date last seen Price effective from Koha item type
    Dewey Decimal Classification   Not for loan مكتبة جامعة القاهرة الاهلية قاعة الهندسة 24.05.2026   005.7404 Ab31 02010035900000 24.05.2026 24.05.2026 Books
Cairo University Libraries Portal Implemented & Customized by: Eng. M. Mohamady Contacts: new-lib@cl.cu.edu.eg | cnul@cl.cu.edu.eg
CUCL logo CNUL logo
© All rights reserved — Cairo University Libraries
CUCL logo
Implemented & Customized by: Eng. M. Mohamady Contact: new-lib@cl.cu.edu.eg © All rights reserved — New Central Library
CNUL logo
Implemented & Customized by: Eng. M. Mohamady Contact: cnul@cl.cu.edu.eg © All rights reserved — Cairo National University Library